Biggest Cities in Ukraine - Statistics

General Stats
  • This quiz has been taken 22 times
  • The average score is 12 of 20
Answer Stats
Population City % Correct
1,421,125 Kharkiv
100%
2,952,301 Kiev
100%
901,645 Donetsk
95%
717,273 Lviv
95%
1,010,537 Odessa
90%
968,502 Dnipro
86%
397,677 Luhansk
76%
279,131 Kherson
57%
425,681 Mariupol
57%
470,011 Mykolaiv
57%
710,052 Zaporizhia
57%
282,747 Chernihiv
48%
279,593 Poltava
48%
269,836 Cherkasy
38%
603,904 Kryvyi Rih
38%
369,739 Vinnytsia
38%
264,298 Chernivtsi
33%
261,624 Zhytomyr
33%
338,968 Makiivka
14%
274,452 Khmelnytskyi
10%
No matching quizzes found
Score Distribution
Percent of People with Each Score
Percentile by Number Answered
Your Score History
You have not taken this quiz